000 00800nam a2200253Ia 4500
003 OSt
005 20220918171142.0
006 a|||||r|||| 00| 0
007 ta
008 220917b |||||||| |||| 00| 0 eng d
020 _a9781403995278 (hbk)
_c4677.11
024 _a238,026
037 _b3162, 12/12/2008, Bharat Scientific Syndicate
_cTextual
040 _aARTS
_cARTS
_beng
041 _2eng
_aeng
082 _aV3,3.P1, P5
100 _aGiddings Philip Ed.
_934531
245 0 _aFuture of parliament
_b Issue for a new century
260 _aNew York
_bPalgrave Macmillan U.S.A
_c2005
300 _axiv, 287p.
_ccm.
650 _aHISTORY
942 _hV3,3.P1, P5
_cTEXL
_2CC
999 _c138135
_d138135